Ծխախոտի հիվանդությունները և պայքարը նրանցդեմ / (Record no. 8709)
[ view plain ]
| 000 -LEADER | |
|---|---|
| fixed length control field | 01005nam a2200217 a 4500 |
| 001 - CONTROL NUMBER | |
| control field | 000022569 |
| 003 - CONTROL NUMBER IDENTIFIER | |
| control field | AM-YEHGA |
| 005 - DATE AND TIME OF LATEST TRANSACTION | |
| control field | 20250618070836.0 |
| 008 - FIXED-LENGTH DATA ELEMENTS--GENERAL INFORMATION | |
| fixed length control field | 030329s1959 ai |||||||||||||||||arm d |
| 040 ## - CATALOGING SOURCE | |
| Original cataloging agency | AM-YeHGA |
| 041 0# - LANGUAGE CODE | |
| Language code of text/sound track or separate title | arm |
| 090 ## - LOCALLY ASSIGNED LC-TYPE CALL NUMBER (OCLC); LOCAL CALL NUMBER (RLIN) | |
| -- | 8770 |
| 100 2# - MAIN ENTRY--PERSONAL NAME | |
| Personal name | Տետերևնիկովա-Բաբայան, Դարյա Նիկոլայի, |
| Dates associated with a name | 1904-1988 |
| 9 (RLIN) | 8891 |
| 245 10 - TITLE STATEMENT | |
| Title | Ծխախոտի հիվանդությունները և պայքարը նրանցդեմ / |
| Statement of responsibility, etc. | Դ.Ն. Բաբայան ; Հայկական ՍՍՌ քաղաքական և գիտական գիտելիքների տարածման ընկերություն. |
| 260 ## - PUBLICATION, DISTRIBUTION, ETC. | |
| Place of publication, distribution, etc. | Երևան : |
| Name of publisher, distributor, etc. | ՀՍՍՌ քաղ. և գիտ. գիտելիքների տարածման ընկ. , |
| Date of publication, distribution, etc. | 1959. |
| 300 ## - PHYSICAL DESCRIPTION | |
| Extent | 34 էջ |
| 650 14 - SUBJECT ADDED ENTRY--TOPICAL TERM | |
| Topical term or geographic name entry element | Գյուղատնտեսություն |
| 9 (RLIN) | 4945 |
| 650 14 - SUBJECT ADDED ENTRY--TOPICAL TERM | |
| Topical term or geographic name entry element | Ծխախոտագործություն |
| 9 (RLIN) | 5556 |
| 710 2# - ADDED ENTRY--CORPORATE NAME | |
| Corporate name or jurisdiction name as entry element | Քաղաքական և գիտական գիտելիքների տարածման ընկերություն ՀՍՍՌ |
| 942 ## - ADDED ENTRY ELEMENTS (KOHA) | |
| Koha item type | Գրքեր / Books |
| Withdrawn status | Lost status | Damaged status | Not for loan | Collection | Home library | Current library | Date acquired | Total checkouts | Full call number | Barcode | Date last seen | Cost, replacement price | Price effective from | Koha item type | Public note |
|---|---|---|---|---|---|---|---|---|---|---|---|---|---|---|---|
| General | Fundamental Scientific Library | Fundamental Scientific Library | 21/12/2016 | AII/1805 | FL0028837 | 21/12/2016 | 50.00 | 21/12/2016 | Գրքեր / Books | 30 Days Loan | |||||
| General | Fundamental Scientific Library | Fundamental Scientific Library | 21/12/2016 | AII/1806 | FL0028838 | 21/12/2016 | 50.00 | 21/12/2016 | Գրքեր / Books | 30 Days Loan | |||||
| General | Fundamental Scientific Library | Fundamental Scientific Library | 21/12/2016 | AII/8492 | FL0018498 | 21/12/2016 | 50.00 | 21/12/2016 | Գրքեր / Books | 30 Days Loan | |||||
| General | Fundamental Scientific Library | Fundamental Scientific Library | 21/12/2016 | AII/8493 | FL0018499 | 21/12/2016 | 50.00 | 21/12/2016 | Գրքեր / Books | 30 Days Loan |
ՀՀ Գիտությունների ազգային ակադեմիայի հիմնարար գիտական գրադարան = Fundamental Scientific Library of NAS RA
All site content, except where otherwise noted, is licensed under a